Markets (Record no. 82207)

MARC details
000 -LEADER
fixed length control field 01250cam a22002295a 4500
001 - CONTROL NUMBER
control field L149552
008 - FIXED-LENGTH DATA ELEMENTS--GENERAL INFORMATION
fixed length control field 100319e2010 xxk 000 0 eng d
035 ## - SYSTEM CONTROL NUMBER
System control number (Sirsi) u149552
041 0# - LANGUAGE CODE
Language code of text/sound track or separate title eng
100 1# - MAIN ENTRY--PERSONAL NAME
Personal name Shepherd, Mark
245 00 - TITLE STATEMENT
Title Markets
Remainder of title City, City fringe and Docklands
260 ## - PUBLICATION, DISTRIBUTION, ETC.
Date of publication, distribution, etc. 2010
490 ## - SERIES STATEMENT
Series statement Property Week
Volume/sequential designation 76(10) 12 March 2010, 47-52(5)
520 ## - SUMMARY, ETC.
Summary, etc. Overseas investors remain the most active buyers in the City market with £426m of property changing hands in early 2010, £683m under offer and £620m available. Developers are cautiously optimistic about starting City schemes after Land Securities' January West End schemes' announcement. Jones Lang LaSalle predicts a return to rental growth in the next 12 months and double-digit growth by 2012/2013. City occupiers face shortages in the development pipeline with 3m sq ft of active and 4m sq ft of prospective requirements. October completion of the 560 000 sq ft mixed use One New Change near St Pauls aims to challenge West End's retail supremacy.
590 ## - LOCAL NOTE (RLIN)
Local note KA
651 #4 - SUBJECT ADDED ENTRY--GEOGRAPHIC NAME
Geographic name London
690 ## - LOCAL SUBJECT ADDED ENTRY--TOPICAL TERM (OCLC, RLIN)
Topical term or geographic name as entry element PROPERTY-COMMERCIAL PROPERTY-COMMERCIAL PROPERTY MARKET
700 1# - ADDED ENTRY--PERSONAL NAME
Personal name Hayward, Deborah
700 1# - ADDED ENTRY--PERSONAL NAME
Personal name Furlong, Anthony
700 1# - ADDED ENTRY--PERSONAL NAME
Personal name Gloyn, Bill
942 ## - ADDED ENTRY ELEMENTS (KOHA)
Suppress in OPAC 0
Holdings
Withdrawn status Lost status Source of classification or shelving scheme Damaged status Not for loan Home library Current library Shelving location Date acquired Total Checkouts Full call number Barcode Date last seen Copy number Price effective from Koha item type
    Dewey Decimal Classification     London London Journal article 19/03/2010   L149552 149552-1001 06/08/2019 1 06/08/2019 Journal article